ČSN IEC 806 (364743) N Stanovení maximálního symetrického pole záření rentgenek s rotační anodou používaných pro lékařskou diagnostiku = Determination of the maximum symmetrical radiation field from a rotating anode X-ray tube for medical diagnosis
Norma je neplatná
| Korporativní autor: | Česko. Český normalizační institut |
|---|---|
| Jazyk: | Čeština |
| Vydáno: |
Praha : Český normalizační institut, 1997 |
| Témata: | |
| Externí odkaz: |
on-line verzi normy v elektronickém formátu můžete získat v systému ČSN online ČAS
záznam normy v ČAS |
| Fyzický popis: |
29 s. |
| LEADER | 02357cam a2200445 a 4500 | ||
|---|---|---|---|
| 001 | 000023327 | ||
| 003 | CZ BrMZK | ||
| 007 | ta | ||
| 008 | 180108s1997 xr f |000 0 cze d | ||
| 020 | |c Kč 325.00 | ||
| 040 | |a ABE034 |b cze |d BOA001 | ||
| 084 | |a 11.040.50 |2 ICS | ||
| 245 | 0 | 0 | |a ČSN IEC 806 (364743) N Stanovení maximálního symetrického pole záření rentgenek s rotační anodou používaných pro lékařskou diagnostiku = |b Determination of the maximum symmetrical radiation field from a rotating anode X-ray tube for medical diagnosis |
| 246 | 3 | 0 | |a Stanovení maximálního symetrického pole záření rentgenek s rotační anodou používaných pro lékařskou diagnostiku |
| 246 | 3 | 1 | |a Determination of the maximum symmetrical radiation field from a rotating anode X-ray tube for medical diagnosis |
| 260 | |a Praha : |b Český normalizační institut, |c 1997 | ||
| 300 | |a 29 s. | ||
| 540 | |a Normy lze objednat u pultu ve Studovně přírodních a technických věd (6. p.) a studovat se mohou pouze ve studovně. | ||
| 540 | |a Podle zákona č. 22/1997 Sb. smějí být české technické normy rozmnožovány a rozšiřovány jen se souhlasem Úřadu pro technickou normalizaci, metrologii a státní zkušebnictví. | ||
| 500 | |a Datum ukončení platnosti: 2005-02-01 | ||
| 500 | |a Datum vydání: 1997-08-01 | ||
| 500 | |a Účinnost od: 1997-09-01 | ||
| 500 | |a Věstník vydání: 1997.08 | ||
| 500 | |a Věstník poslední změny: 1997-06-01 | ||
| 500 | |a Zapracovaný dokument: Označení IEC 806; Rok vydání: 1984 | ||
| 500 | |a Zapracovaný dokument: Označení HD 513 S1; Rok vydání: 1989 | ||
| 520 | |a Norma je neplatná | ||
| 650 | 0 | 7 | |a technické normy a standardy |z Česko |2 czenas |
| 653 | 0 | |a ELEKTROTECHNIKA | |
| 653 | 0 | |a Rentgeny | |
| 653 | 0 | |a Skiagrafická zařízení | |
| 655 | 7 | |a normy |2 czenas | |
| 710 | 1 | |a Česko. |b Český normalizační institut |7 kn20020916006 | |
| 856 | 4 | |u http://csnonline.agentura-cas.cz/ |y on-line verzi normy v elektronickém formátu můžete získat v systému ČSN online ČAS |4 N | |
| 856 | 4 | |u http://seznamcsn.agentura-cas.cz/Detailnormy.aspx?k=50300 |y záznam normy v ČAS |4 N | |
| 910 | |a BOA001 |b ČSN IEC 806 | ||
| 997 | |a 1997 |b 2005 | ||
| 994 | |a UP |l MZK04 |b 000041112 |m Stará (neplatná) verze normy |n Nová (platná) verze normy | ||
| 996 | |c ČSN IEC 806 | ||
English
Čeština 